A complete study packedge NTSE-2016-17 (Record no. 196204)

MARC details
000 -LEADER
fixed length control field 00358nam a22001457a 4500
005 - DATE AND TIME OF LATEST TRANSACTION
control field 20230606152121.0
010 ## - LCCN (DPL NO)
LC control number B-680732
020 ## - INTERNATIONAL STANDARD BOOK NUMBER
Terms of availability 595.00
035 ## - SYSTEM CONTROL NUMBER
System control number B-680732
245 ## - TITLE STATEMENT
Title A complete study packedge NTSE-2016-17
260 ## - PUBLICATION, DISTRIBUTION, ETC. (IMPRINT)
Place of publication, distribution, etc Delhi
Name of publisher, distributor, etc Pansy Books
270 ## - ADDRESS
Address Somesh Vihar,Chhawla,
City Delhi
Postal code 110071
300 ## - PHYSICAL DESCRIPTION
Extent vp.
Dimensions 22cm
942 ## - ADDED ENTRY ELEMENTS (KOHA)
Source of classification or shelving scheme Dewey Decimal Classification
Item type English Books
Call number suffix ACO
Holdings
Withdrawn status Lost status Not for loan Home library Current library Date acquired Cost, normal purchase price Full call number Barcode Copy number Cost, replacement price Koha item type
      Sarojini Nagar Sarojini Nagar 06/06/2023 595.00 ACO B-680732 1 595.00 English Books

© Delhi Public Library
Hit Counter
free hit counter